| 000 | 01111nam a2200313Ia 4500 | ||
|---|---|---|---|
| 003 | OSt | ||
| 005 | 20221007123510.0 | ||
| 006 | a|||||r|||| 00| 0 | ||
| 007 | ta | ||
| 008 | 221006b |||||||| |||| 00| 0 eng d | ||
| 020 |
_a8185015791 (pbk) _c195.00 |
||
| 024 | _a12771 | ||
| 037 |
_b2004/CRB/0064143, 24/09/2004, Narosa Book Distributors Pvt. Ltd. _cTextual |
||
| 040 |
_aPAPL _cPAPL _beng |
||
| 041 |
_2eng _aeng |
||
| 082 | _aCM65, L9-;3 Carpa | ||
| 100 | _aReitz John R | ||
| 245 | 0 |
_aFoundations of electromagnetic theory _b Milford Frederick J Christy Robert W |
|
| 250 | _a3 | ||
| 260 |
_aNew _bDelhi Narosa Publishing House _c1979 |
||
| 300 |
_axii,542p. _ccm. |
||
| 500 | _aAppendix I-V, 505-519p.; Index 537-542p. | ||
| 650 |
_a Eletromagnetic theory _9717310 |
||
| 650 | _aPhysics | ||
| 700 |
_a Christy Robert W _9618296 |
||
| 700 | _a Milford Frederick J | ||
| 942 |
_hCM65, L9-;3 Carpa _cTEXL _2CC |
||
| 999 |
_c1212000 _d1212000 |
||